000 01638nam a22004097a 4500
003 OSt
005 20230524111026.0
008 221006b |||||||| |||| 00| 0 eng d
040 _cBiblioteca Lado V
082 _a700
_bA786l
110 _9830
_aARTEDER
_eEditor
245 _aLAPIZ/
_bRevista Mensual de Arte/
260 _bFeria internacional de Bilbao
_c1997
_aEspaƱa
300 _c22x29cm
_a98p.
366 _espa
490 _a138
_vXVI
505 _aEDITORIAL
505 _aSENSATION
505 _aENTREVISTA CONSEAN SCULLY
505 _aMUSTER
505 _aDOCUMENTA DE KASSEL
505 _aENTREVISTA CON LEONEL MOURA
505 _aDARIO ALVARES BASSO
505 _aCRONICAS DE EXPOSICIONES
505 _aEXPOSICIONES
_tANTONI SOCIAS LUIS CLARAMUNT ANDRES NAGEL OTRAS TAUROMAQUIAS CA'N PUIG TETE ALVAREZ Y RAFAEL QUINTERO JOSE ALVAREZ Y RAFAEL QUINTERO JOSE ALVARADO PERDICES ANTONI LLENA MANUEL MOLDES DARIO URZAY WILLIAM EWGMAN EN EL JARDIN
505 _aACTUALIDADES Y PUBLICACIONES
650 _2Tesauro de Arte & Arquitectura
_aARTE
_9703
650 _2Tesauro de Arte & Arquitectura
_aARQUITECTURA
650 _2Tesauro de Arte & Arquitectura
_aFOTOGRAFIA
_9702
650 _2Tesauro de Arte & Arquitectura
_aENTREVISTAS
650 _2Tesauro de Arte & Arquitectura
_aARQUEOLOGIA
650 _2Tesauro de Arte & Arquitectura
_aREPORTAJES
650 _2Tesauro de Arte & Arquitectura
_aLIBROS
650 _2Tesauro de Arte & Arquitectura
_aNOTICIAS
651 _2Tesauro de Arte & Arquitectura
_aSUBASTAS
942 _2ddc
_c1
_h700
_iA786l
_n0
999 _c3701
_d3701